Statistics for Biggest cities of the world in 1700

Click here to take the quiz!

General Stats

  • This quiz has been taken 17 times
  • The average score is 6 of 10

Answer Stats

PopulationAnswer% Correct
549,000London
100%
531,000Paris
94%
686,000Tokyo
88%
648,000Beijing
81%
703,000Istanbul
75%
379,000Osaka
69%
350,000Kyoto
63%
303,000Hangzhou
31%
384,000Ahmedabad
0%
350,000Esfahan
0%

Score Distribution

Percentile by Number Answered

Percent of People with Each Score

Your Score History

You have not taken this quiz